| 000 | 01473 a2200265 4500 | ||
|---|---|---|---|
| 005 | 20080825102959.0 | ||
| 010 | _aENG-87070 | ||
| 020 |
_a8125031561 _c445.00 (Bppd 465.00) |
||
| 035 | _aEN-70603 | ||
| 037 | _bDBAD / PUB | ||
| 037 | _bK.K.Pub/Ven | ||
| 082 | _a302.544 | ||
| 100 |
_aRadhakrishnan, R. _949479 |
||
| 245 |
_aBetween identity and location _cby R. Radhakrishnan _bthe cultural politics of theory |
||
| 260 |
_aNew Delhi _bOrient Longman _c2007 |
||
| 270 |
_a1/24, Asaf Ali Road, _bNew Delhi _e110 002 |
||
| 300 |
_axxv, 249p. _c21cm (pbk) |
||
| 500 | _aIncludes index | ||
| 942 |
_adpl _cEN _k302.544 / RAD _2ddc _h302.544 _mRAD |
||
| 999 |
_c5914 _d5914 |
||